000 00816nab a2200253 u 4500
001 20548
003 HDC
007 cr bn ---aaaaa
008 210305c20100415xx dr|noo 0 a eng d
040 _aHDC
245 0 _aUK: Hodge Hill Tesco Opens Halal Meat Counter
260 _a[No place] :
_b[publisher not identified],
_c2010
300 _a1 online resource
336 _atext
_2rdacontent
337 _acomputer
_2rdamedia
338 _aonline resource
_2rdacarrier
650 _aHalal meat counter
_917848
650 _aHalal products
_9642
710 _aHalal Focus
856 _zRequest full-text at [email protected]
942 _2lcc
942 _cNEWS
942 _kNWSO 006409
999 _c17864
_d17864